Jaké potřebujeme v dnešní době obchodníky?
Ako sa zmenili zákazníci za posledných 5 rokov. Požiadavky na obchodníkov, zmeny obchodníkov.
Gespeichert in:
| 1. Verfasser: | |
|---|---|
| Format: | Buchkapitel |
| Sprache: | Tschechisch |
| Schlagworte: | |
| Tags: |
Keine Tags, Fügen Sie das erste Tag hinzu!
|
MARC
| LEADER | 00000naa a2200000 4500 | ||
|---|---|---|---|
| 001 | 0219953 | ||
| 005 | 20231113135245.4 | ||
| 041 | 0 | |a cze | |
| 044 | |a CZ | ||
| 245 | 1 | 0 | |a Jaké potřebujeme v dnešní době obchodníky? |c Lucie Nachtigalová |
| 520 | |a Ako sa zmenili zákazníci za posledných 5 rokov. Požiadavky na obchodníkov, zmeny obchodníkov. | ||
| 610 | 2 | 0 | |a obchodníci |
| 610 | 2 | 0 | |a zákazníci |
| 100 | 1 | |a Nachtigalová, Lucie | |